000 00512nam a2200181 i 4500
001 97336
003 ES-MaACL
005 20240515063049.0
007 t|
008 050711s1970 sp ||||1| spa d
100 0 _aMarco, Concha de,
_d1916-
_976456
245 1 0 _aCongreso en Maldoror /
_cConcha de Marco.
260 _aMadrid :
_bBiblioteca Nueva,
_c1970.
300 _a123 p., 1 lám. (1) ;
_c21 cm.
500 _a(1) Retr. aut.
852 _aES-MaACL
_jC-38423
_bR.74873
999 _c97336
_d97336